| 000 | 00359nam a2200157Ia 4500 | ||
|---|---|---|---|
| 100 | _aMadenci/Erdogan | ||
| 650 | _aFEM | ||
| 942 | _cBK | ||
| 366 | _f20 | ||
| 245 | _aFinite element method application in engineering using ANSYS | ||
| 260 |
_bSpringer _c2006 |
||
| 082 |
_a620.001515 _bMAD |
||
| 300 | _a686 | ||
| 546 |
_aENGLISH _cInfo.Tech |
||
| 999 |
_c25187 _d25187 |
||